Labour problems in Indian industry (Record no. 1140)

MARC details
000 -LEADER
fixed length control field 00507cam a2200193ua 4500
008 - FIXED-LENGTH DATA ELEMENTS--GENERAL INFORMATION
fixed length control field 110621n ii |||gr||||Z||||||eng
020 ## - INTERNATIONAL STANDARD BOOK NUMBER
International Standard Book Number 0-210-33692-7
040 ## - CATALOGING SOURCE
Transcribing agency MAIN
082 ## - DEWEY DECIMAL CLASSIFICATION NUMBER
Classification number 331.01
245 10 - TITLE STATEMENT
Title Labour problems in Indian industry
Statement of responsibility, etc. by V.V. Giri
250 ## - EDITION STATEMENT
Edition statement 3rd rev & enl ed.
260 ## - PUBLICATION, DISTRIBUTION, ETC.
Place of publication, distribution, etc. Bombay:
Name of publisher, distributor, etc. Asia publishing,972.
300 ## - PHYSICAL DESCRIPTION
Extent xx, 564p.:
Dimensions 25cm.
700 1# - ADDED ENTRY--PERSONAL NAME
Personal name Giri, V.V.,
Relator term
942 ## - ADDED ENTRY ELEMENTS (KOHA)
Koha item type Books
653 ## - INDEX TERM--UNCONTROLLED
Uncontrolled term Economics
653 ## - INDEX TERM--UNCONTROLLED
Uncontrolled term Labour problems in Indian industry
Holdings
Withdrawn status Lost status Damaged status Not for loan Home library Current library Shelving location Date acquired Total Checkouts Full call number Barcode Date last seen Copy number Price effective from Koha item type
        Central Library, Naharkatiya College Central Library, Naharkatiya College   19/09/2020   331.01 | GIR 1831 19/09/2020 1 19/09/2020 Books

Naharkatiya College © 2020. All rights reserved.

Powered By